LEADER 01718nam--2200313---450
001 990000652720203316
005 20180424115629.0
035 $a0065272
035 $aUSA010065272
035 $a(ALEPH)000065272USA01
035 $a0065272
100 $a20011001d17381742km-y0ENGy0103----ba
101 $alat
102 $aIT
200 1 $aAntiquitates italicae medii aevi, sive Dissertationes de moribus, ritibus, religione, regimine, magistratibus, legibus, studiis literarumn, artibus, lingua, militia, nummis, principibus, libertate, servitute, foederibus, aliisque faciem & mores italici populi referentibus post declinationem Rom. imp. ad annum usque MD$eOmnia illustrantur, et confirmantur ingenti copia diplomatum et chartarum veterum, nunc primům ex archivis Italiae depromtarum, additis etiam nummis, chronicis, aliisque monumentis numquam antea editis$fauctore Ludovico Antonio Muratorio
210 $aMediolani$cex typographia Societatis palatinae$d1738-1742
215 $a6 v.$cill.$d41 cm
410 $12001
700 1$aMURATORI,$bLodovico Antonio$0152475
801 0$aIT$bsalbc$gISBD
912 $a990000652720203316
951 $aFV C 7 4 22-27$b975-980$cFV C 7 4
959 $aBK
969 $aF.VENTIMIGLIA
979 $aPATTY$b90$c20011001$lUSA01$h0957
979 $c20020403$lUSA01$h1715
979 $aPATRY$b90$c20040406$lUSA01$h1645
996 $aAntiquitates italicae medii aevi, sive Dissertationes de moribus, ritibus, religione, regimine, magistratibus, legibus, studiis literarumn, artibus, lingua, militia, nummis, principibus, libertate, servitute, foederibus, aliisque faciem & mores italici populi referentibus post declinationem Rom. imp. ad annum usque MD$9959680
997 $aUNISA
LEADER 04984nam 2200745 a 450
001 9910967620603321
005 20251116203803.0
010 $a9789812777959
010 $a9812777954
035 $a(CKB)1000000000413107
035 $a(EBL)1679840
035 $a(OCoLC)879024147
035 $a(SSID)ssj0000133951
035 $a(PQKBManifestationID)11141992
035 $a(PQKBTitleCode)TC0000133951
035 $a(PQKBWorkID)10046442
035 $a(PQKB)10732200
035 $a(MiAaPQ)EBC1679840
035 $a(WSP)00004895
035 $a(Au-PeEL)EBL1679840
035 $a(CaPaEBR)ebr10201213
035 $a(CaONFJC)MIL505432
035 $a(Perlego)847247
035 $a(EXLCZ)991000000000413107
100 $a20021016d2002 uy 0
101 0 $aeng
135 $aur|n|---|||||
181 $ctxt
182 $cc
183 $acr
200 10$aCurrent high-energy emission around black holes $eproceedings of the 2nd KIAS Astrophysics Workshop : Korea Institute for Advanced Study, September 3-8, 2001 /$feditors, Chang-Hwan Lee, Heon-Young Chang
205 $a1st ed.
210 $aNew Jersey $cWorld Scientific$dc2002
215 $a1 online resource (356 p.)
300 $aDescription based upon print version of record.
311 08$a9789810248703
311 08$a9810248709
320 $aIncludes bibliographical references.
327 $aContents ; Preface ; Part 1: Black Hole Observations ; Black Hole Demographics ; Kiloparsec Jets from Massive Black Holes in Radio-Loud AGN ; ASCA and RXTE Observations of the Accretion Disk in X-ray Binaries
327 $aSearching for Evidence of Tidal Disruption Event in Long-Term X-ray Light Curve of Seyfert Galaxy MCG-2-58-22 Existence of X-ray Jets on Kiloparsec Scales in Radio-Loud AGNs ; Part 2: Accretion Disk/Formation of Jets
327 $aMagnetic Stresses in the Inner Regions of Accretion Disks around Black Holes Rayleigh Scattered Lya in Active Galactic Nuclei ; Black Hole Accretion in Transient X-ray Binaries ; X-ray Variability of Galactic Black Holes and Simulated Magnetohydrodynamical Flow
327 $aOn Energetics and Structure of Sub-Parsec Scale Jets in Quasars Large Scale Jets and the Nuclear Engine ; Magnetic Field Generation in Accretion Disks ; Radiation Driven Wind from Hot Accretion Flow ; Modes of Accretion in X-ray Sources
327 $aPart 3: Energy Extraction from Rotating Black Holes Current High Energy Emission from Black Holes ; Pair Production Cascade in Black-Hole Magnetosphere ; The Transfield Equation of the Axisymmetric Nonstationary Magnetosphere of a Black Hole
327 $aGamma-ray Bursts and Gravitational Radiation from Black Hole-Torus Systems
330 $a Black holes exist in galactic nuclei and in some X-ray binaries found in our own galaxy and the large Magellanic Cloud. This volume focuses on astrophysical high-energy emission processes around black holes, and the development of theoretical frameworks for interesting observational results.
Contents: